| Tag |
First Indicator |
Second Indicator |
Subfields |
| LEADER |
00000cam a2200000 4500 |
| 001 |
in00000039293 |
| 005 |
20151007081630.0 |
| 008 |
750228s1966 eng u |
| 010 |
|
|
|a 66025648
|
| 035 |
|
|
|a (OCoLC)01193908
|
| 035 |
|
|
|9 AAF6681AM
|
| 040 |
|
|
|c UTS
|d OCL
|d TXA
|d UtOrBLW
|
| 049 |
|
|
|a TXAM
|c [465402]
|
| 050 |
|
0 |
|a BJ1249
|b .V63
|
| 092 |
|
|
|a 241
|b V946m
|
| 100 |
1 |
|
|a Von Hildebrand, Dietrich,
|d 1889-1977.
|
| 245 |
1 |
0 |
|a Morality and situation ethics /
|c by Dietrich and Alice Von Hildebrand. Pref. by Bernard Haring.
|
| 264 |
|
1 |
|a Chicago :
|b Franciscan Herald Press,
|c [1966]
|
| 300 |
|
|
|a xi, 191 pages ;
|c 21 cm.
|
| 336 |
|
|
|a text
|b txt
|2 rdacontent
|
| 337 |
|
|
|a unmediated
|b n
|2 rdamedia
|
| 338 |
|
|
|a volume
|b nc
|2 rdacarrier
|
| 504 |
|
|
|a Bibliographical footnotes.
|
| 650 |
|
0 |
|a Christian ethics
|x Catholic authors.
|
| 650 |
|
0 |
|a Situation ethics.
|
| 650 |
|
0 |
|a Mystique of sin.
|
| 700 |
1 |
|
|a Von Hildebrand, Alice.
|
| 999 |
|
|
|a MARS
|
| 999 |
f |
f |
|s 742687f3-adc4-35ab-a426-709dc9088230
|i a16e7621-5338-3337-b6d0-1db26877a060
|t 0
|
| 952 |
f |
f |
|p normal
|a Texas A&M University
|b College Station
|c Sterling C. Evans Library
|d Evans: Library Stacks
|t 0
|e BJ1249 .V63
|h Library of Congress classification
|i unmediated -- volume
|m A14800609720
|
| 998 |
f |
f |
|a BJ1249 .V63
|t 0
|l Evans: Library Stacks
|